Quizzes
Events
Quiz Creation
Community
Videos
Private Events
Remove Ads
Sign In
Join for FREE
Feedback
Dark Mode
Quiz Categories
Sports
Geography
Music
Movies
Television
Just For Fun
Miscellaneous
History
Literature
Language
Science
Gaming
Entertainment
Religion
Holiday
For Kids
Quiz Lab
Recent
Popular Today
Quiz Kudos Today
Editor Picks
Curator Picks
Quizzes by...
Day
Popularity
Type
Ratings
Length
Year
Community
Subscriptions
Recent Discussions
Orange Saloon
Badges
Playlists
Quests
Create
Leaderboards
Showdown
Live 5
Trivia Bingo
Activity
Puzzle Library
Sporcle Events
Private Events
Virtual Trivia
Globe League
Become a Host
Pub Owners
SporcleCon
Opinionation
Our Games
Videos
Blog
Mobile Apps
Partnerships
Remove Ads and Go Orange
Feedback
Movies
Disney
Marvel Cinematic Universe
Movie Resume
Movie Titles
Oscar
Actor
Actress
Director
Pixar
Role
Movie Quotes
Movie Characters
Box Office
Nominee
Best Picture
Star Wars
James Bond
Horror Movies
Movies
Disney
Marvel Cinematic Universe
Movie Resume
Movie Titles
Oscar
Actor
Actress
Director
Pixar
Role
Movie Quotes
Movie Characters
Box Office
Nominee
Best Picture
Star Wars
James Bond
Horror Movies
Random Quiz
Search Sporcle
×
Quiz Lab
Quiz Lab
Movies
Actress
Type in answers that appear in a list
Type in answers that appear in a list
Classic
Best Score? Go Orange.
Movies by Harry Potter Characters Stats
Can you name the movies that have 3 or more actors/ actresses from the Harry Potter film series from their character ?
By
mrcheerful
15m
51 Questions
64 Plays
64 Plays
64 Plays
Comments
Comments
Give Quiz Kudos
Give Quiz Kudos
-
- Ratings
hide this ad
More Info
Replay
Link that replays current quiz
Next Quiz
Link to next quiz in quiz playlist
You Got
0%
They Got
Avg Score
16%
Avg Friend Score
Upgrade to see
Score Distribution
Jump to the score distribution portion of the page
Score
0/51
Timer
15:00
0
Plays Today
Harry Potter Characters
Movie
% Correct
Bellatrix Lestrange, Severus Snape (voice), Peter Pettigrew (voice), Dolores Umbridge (voice), Sir Cadogan (voice), Madame Maxime
Alice in Wonderland
53.1%
Severus Snape, Sybill Trelawney, Rufus Scrimgeour
Love, Actually
45.3%
Severus Snape, Bellatrix Lestrange, Peter Pettigrew, Gellert Grindelwald (young)
Sweeney Todd: The Demon Barber of Fleet Street
42.2%
Gilderoy Lockhart, Madam Rosmerta, Peter Pettigrew
Hamlet
42.2%
Gilderoy Lockhart, Sybill Trelawney, Dolores Umbridge
Much Ado About Nothing
35.9%
Sybill Trelawney, Severus Snape, Madam Pomfrey, Dolores Umbridge, Cornelius Fudge, The Fat Lady
Sense and Sensibility
34.4%
Sybill Trelawney, The Grey Lady, Dolores Umbridge
Nanny McPhee
29.7%
Bellatrix Lestrange, Albus Dumbledore, Peter Pettigrew
The King's Speech
28.1%
Gilderoy Lockhart, Bellatrix Lestrange, Nearly Headless Nick, Cornelius Fudge
Mary Shelly's Frankenstein
23.4%
Gilderoy Lockhart, Rubeus Hagrid, Sybill Trelawney
Henry V
23.4%
Voldemort, Bellatrix Lestrange, Rubeus Hagrid, Lavender Brown, Amicus Carrow
Great Expectations
23.3%
Draco Malfoy, Horace Slughorn, Arthur Weasley
The Borrowers
21.9%
Albus Dumbledore, Rita Skeeter, Vernon Dursley
Sleepy Hollow
20.3%
Rufus Scrimgeour, Filius Flitwick, Severus Snape (voice), The Grey Lady, Vernon Dursley (voice)
The Hitchhiker's Guide to the Galaxy
18.8%
Sybill Trelawney, Xenophilius Lovegood, Voldemort, Minerva Mcgonagall
Nanny McPhee and the Big Bang
18.8%
Mad-
Eye Moody, Albert Runcorn, Yaxley, Gellert Grindelwald (old)
Braveheart
18.8%
Remus Lupin, Madam Rosmerta, Lucius Malfoy
Dragonheart
18.8%
Mad-
Eye Moody, Voldemort, Fleur Delacour, Aberforth Dumbledore
In Bruges
17.2%
Mad-
Eye Moody, Madam Rosmerta, Aragog
Troy
17.2%
Sirius Black, Mr. Ollivander, Dobby, Aberforth Dumbledore, Kreacher, Barty Crouch
Tinker, Tailor, Soldier, Spy
16.7%
Albus Dumbledore, Minerva McGonagall, Lily Potter, The Grey Lady, Mafalda Hopkirk
Gosford Park
15.6%
Horace Slughorn, Rufus Scrimgeour, Argus Filch
Hot Fuzz
14.1%
Horace Slughorn, Madam Pomfrey, Moaning Myrtle, Mafalda Hopkirk
Bridget Jones: The Edge of Reason
14.1%
Voldemort, Horace Slughorn, Petunia Dursley
The Avengers
14.1%
Rita Skeeter, Peter Pettigrew, Dolores Umbridge
Chicken Run
14.1%
Horace Slughorn, Dolores Umbridge, Rufus Scrimgeour, Rubeus Hagrid,
Arthur Christmas
13.3%
Harry Potter Characters
Movie
% Correct
Dolores Umbridge, Mad-
Eye Moody, Barty Crouch Jr.
The Pirates! Band of MisfitsThe Pirates! In an Adventure with Scientists!
13.3%
Rufus Scrimgeour, Xenophilius Lovegood, Gilderoy Lockhart, Sybill Trelawney
The Boat That Rocked
12.5%
Molly Weasley, Minerva McGonagall, Narcissa Malfoy
Becoming Jane
12.5%
Severus Snape, Mad-
Eye Moody, Quirinus Quirrell
Michael Collins
12.5%
Horace Slughorn, Rita Skeeter, Aragog
The Young Victoria
12.5%
Albus Dumbledore, Aberforth Dumbledore, Dobby
Amazing Grace
12.5%
Horace Slughorn, Madam Pomfrey, Moaning Myrtle
Bridget Jones's Diary
12.5%
Sirius Black, Albus Dumbledore, Madame Maxime
The Book of Eli
10.9%
Madam Rosmerta, Quirinus Quirrell, The Grey Lady, Dobby, Sir Cadogan
Finding Neverland
10.9%
Nearly Headless Nick, Mr. Ollivander, Horace Slughorn
Valiant
10.9%
Horace Slughorn, Elphias Doge, Nearly Headless Nick
Around the World in 80 days
10.9%
Horace Slughorn, Barty Crouch Jr., Dolores Umbridge, Kreacher
Bright Young Things
10.9%
Peter Pettigrew, Horace Slughorn, Amycus Carrow
The Damned United
10.9%
Peter Pettigrew, Vernon Dursley, Aunt Marge
Jackboots on Whitehall
10.9%
Mad-
Eye Moody, Horace Slughorn, Gellert Grindelwald (old)
Gangs of New York
10.9%
Gilderoy Lockhart, Lily Potter, Hermione Granger, Dobby, Madame Hooch
My Week With Marylin
10%
Vernon Dursley, Madame Maxine, Narcissa Malfoy
Hugo
10%
Xenophilius Lovegood, Horace Slughorn, Cedric Diggory
Vanity Fair
9.4%
Gilderoy Lockhart, Sybill Trelawney, Dolores Umbridge
Peter's Friends
9.4%
The Grey Lady, Yaxley, Moaning Myrtle
Trainspotting
7.8%
Horace Slughorn, Moaning Myrtle, Peter Pettigrew
Topsy-Turvey
7.8%
Horace Slughorn, Argus Filch, Dolores Umbridge
Another Year
7.8%
Rufus Scrimgeour, Peter Pettigrew, Mundungus Fletcher
Lucky Break
6.3%
Voldemort, Lucius Malfoy, Quirinus Quirrell
The End of the Affair
4.7%
Xenophilius Lovegood, Rufus Scrimgeour, Narcissa Malfoy
Enduring Love
4.7%
Quiz Playlist
Details
Report
Send in Message
Add To Playlist
More Info:
Name the movies that have 3 or more actors from the Harry Potter movies without having the actor's/ actresses' names. *animated
Classic:
Type in answers that appear in a list
Quiz Source
Last Updated: Feb 16, 2017
Quiz Scoreboard
CHALLENGE
Sign Up to Join the Scoreboard
Show All
Scores
Hide
Comments
May contain spoilers
Recently Published
One Thing in Common: World Cities II
by knightlancer
Geography
7m
Popular People in 1961
by mucciniale
History
6m
1-10 Letter E Words III
by El_Dandy
Language
2m
More to Explore
Quiz From the Vault
Featured Blog Post
Where Did the Easter Bunny Come From?
hide this ad
You Might Also Like...
Tags
Actor Quiz
Actress Quiz
Harry Potter Quiz
Character
Today's Top Quizzes in Movies
Browse Movies
hide this ad
Today's Top Quizzes in Actress
Browse Actress
Top Contributed Quizzes in Movies
1
Multi-Oscar Nominations, One Movie, One Winner
2
12 Movies about Fictional 1960s Events
3
One Thing in Common: Movies
4
Three Word 'T' Movies Match Up
5
Sunday Crossword: Film Score Composers
6
One Thing in Common: Movies II
7
Three Word 'H' Movies Match Up
8
Three Word 'M' Movies Match Up
9
One Thing in Common: Oscars
10
Three Word 'P' Movies Match Up
Explore More
Trending Topics
Anime
Disney
Marvel
Crossword
Harry Potter
Kpop
NBA
Country
WWE
Soccer
Pokémon
The Office
Puzzle
NFL
Song
hide this ad
More By:
mrcheerful
Quiz
Plays
Rating
Category
Featured
Created
Marvel Cinematic Universe
1,693
2.56
Movies
Mar 18, 2012
Holmes and Watson Match
567
4.00
Entertainment
Nov 8, 2012
Movies by Harry Potter Characters
64
Movies
Jun 26, 2011
Go to Creator's Profile
Score Distribution
Quiz Creator Spotlight
mrcheerful
Follow
Send a Message
Quizzes Created
-
Created Quiz Play Count
-
More By This Creator
Popular Quizzes Today
1
Find the US States - No Outlines Minefield
2
Find the Countries of Europe - No Outlines Minefield
3
The Countries of the World
4
Popular People in 1961
5
1-10 Letter E Words III
6
Find the US States
7
One Thing in Common: World Cities II
8
US States
More Movies Quizzes
Top Grossing A-Z: Tom Hanks
Curator's Pick
Trending Quizzes
Risky Map Clicking: Least Populous States A-Z
1-10 Letter F Words
1-10 Letter G Words
One Thing in Common: United Kingdom
Risky Map Clicking: Biggest States A-Z
Recently Updated
Leaping Animals
pecheneg
Reality TV Shows (A-Z)
bhenderson79
Rickey Henderson's Hall of Fame Teammates
pecheneg
Champions League XIs: Arsenal
pecheneg
Quick Pick: Celebrities in WWE's Hall of Fame
aduchscher
A-Z Keypad Blitz II
pecheneg
Multiple Oscar Actors
pecheneg
Mystery Phrase Blitz: Oscar 'Best Actors'
pecheneg
F. Scott Fitzgerald Novels
LTH
Pick 3 Villains
ddd62291
Trending Topics
NBA
Kpop
Harry Potter
Marvel
Anime
Disney
Crossword
Soccer
Country
Pokémon
Puzzle
The Office
WWE
NFL
Song
Your Account Isn't Verified!
In order to create a playlist on Sporcle, you need to verify the email address you used during registration. Go to your
Sporcle Settings
to finish the process.
Report this User
Report this user for behavior that violates our
Community Guidelines
.
Details:
Send Report
Go to the Sporcle.com Mobile Site →
Comments